000 00851 a2200253 4500
001 119587
020 _a9781443448840
040 _cEscola Canadense de Niteroi
090 _aCOV
100 _aCovello, Paul
245 1 0 _aCanada ABC
250 _a1. Ed.
260 _aCanada
300 _a30 p.
_c8 x 0.9 x 8.9 inches (hardcover)
362 0 _a2016
520 _aA is for Arctic, B is for Beaver … Paul Covello’s gloriously bright and detailed board book for the very young highlights Canada’s iconic symbols, souvenirs and events, including the Dogsled, Inuksuk, Loonie, Totem Pole and the Zamboni machine. From the author of the beloved Toronto ABC.
650 4 _aCanada
650 4 _aBoard books
650 4 _aLetters
650 4 _aAlphabet
650 4 _aNon-Fiction
650 4 _aKindergarten's Literature
942 _cBK
999 _c119587
_d119587